000 00506nam a2200181Ia 4500
008 090124s9999 xx 000 0 und d
082 _b13585
_a3352
100 _aपानवलकर श्री. दा.
245 _a औदुंबर
250 _a1
260 _c1963
300 _a206
600 _aपानवलकर श्री. दा.
630 _a औदुंबर
700 _aपानवलकर श्री. दा.
730 _a औदुंबर
942 _cBOOK
999 _c127524
_d127524